Govt. of
Madhya Pradesh

छब्बीस कहानियाँ (Record no. 67808)

MARC details
000 -LEADER
fixed length control field 00427nam a22001577a 4500
003 - CONTROL NUMBER IDENTIFIER
control field OSt
005 - DATE AND TIME OF LATEST TRANSACTION
control field 20241215121453.0
008 - FIXED-LENGTH DATA ELEMENTS--GENERAL INFORMATION
fixed length control field 241215b |||||||| |||| 00| 0 eng d
040 ## - CATALOGING SOURCE
Transcribing agency macl
082 ## - DEWEY DECIMAL CLASSIFICATION NUMBER
Classification number 891.433
100 ## - MAIN ENTRY--PERSONAL NAME
Personal name शिवानी
245 ## - TITLE STATEMENT
Title छब्बीस कहानियाँ
260 ## - PUBLICATION, DISTRIBUTION, ETC. (IMPRINT)
Place of publication, distribution, etc. नई दिल्ली
Name of publisher, distributor, etc. वाणी
Date of publication, distribution, etc. 2023
650 ## - SUBJECT ADDED ENTRY--TOPICAL TERM
Topical term or geographic name as entry element कहानियाँ
942 ## - ADDED ENTRY ELEMENTS (KOHA)
Source of classification or shelving scheme
Koha item type Hindi Books
Holdings
Withdrawn status Lost status Source of classification or shelving scheme Damaged status Not for loan Home library Current library Date acquired Cost, normal purchase price Total Checkouts Total Renewals Full call number Barcode Date last seen Date last checked out Price effective from Koha item type
          MACL MACL 15/12/2024 395.00 8 4 891.433 DPI003135 25/03/2026 03/02/2026 15/12/2024 Hindi Books